000 00442nam a2200157Ia 4500
008 160316s2005 xxu||||| |||| 00| 0 eng d
082 _a341.600000
_bRUL-2
100 _a
245 _aRules of international humanitarian law and other rules relating to the conduct fo hostiles
250 _a
260 _aGeneva
_bI C R C
_c2005
300 _a266p
_b
_c
365 _bGratis
650 _a1. International Humanitarian Law
700 _a
_a
999 _c39351
_d39351